Vábení války (Kladivo na čaroděje 4) /
Klaudie má problém. Na tajnou schůzku Pentagramu pronikl magický atentátník, všichni hned ukazují prstem na Oslovené a nikdo jí nevěří, že jsou v tom její teroristé výjimečně nevinně. Walter má problém. Zvedl špatný telefon a legenda, která dlouhá staletí spala v hlubinách jistého kopce, se chystá v...
Uloženo v:
| Série: | Kladivo na čaroděje II,
část 4 |
|---|---|
| Hlavní autor: | |
| Médium: | E-kniha |
| Jazyk: | Czech |
| Vydáno: |
Praha :
Nakladatelství Epocha s.r.o.,
2026
|
| Příbuzné jednotky: | Z cyklu::
Kladivo na čaroděje II |
| Tagy: |
Žádné tagy |
| LEADER | 01952nam a22002417i 4500 | ||
|---|---|---|---|
| 001 | 302540 | ||
| 007 | ta | ||
| 008 | 260513s2026 xr ||||| |||| 00| 0 cze d | ||
| 020 | |a 9788027802845 | ||
| 044 | |a xr | ||
| 100 | 1 | |a Mařík, Jakub |4 aut | |
| 245 | 1 | 0 | |a Vábení války (Kladivo na čaroděje 4) / |c Mařík, Jakub |
| 264 | 1 | |a Praha : |b Nakladatelství Epocha s.r.o., |c 2026 | |
| 300 | |a 1 online zdroj (200 stran) | ||
| 336 | |a text |b txt |2 rdacontent | ||
| 337 | |a bez média |b n |2 rdamedia | ||
| 338 | |a online zdroj |b cr |2 rdacarrier | ||
| 520 | 2 | |a Klaudie má problém. Na tajnou schůzku Pentagramu pronikl magický atentátník, všichni hned ukazují prstem na Oslovené a nikdo jí nevěří, že jsou v tom její teroristé výjimečně nevinně. Walter má problém. Zvedl špatný telefon a legenda, která dlouhá staletí spala v hlubinách jistého kopce, se chystá vyrazit na spanilou jízdu českými zeměmi. A hádejte, kdo se o ni teď musí postarat? Felix překvapivě žádný problém nemá. Jeho život je téměř idylka, a proto se na něj logicky sesypou problémy ostatních. Vypadá to, že na scénu dorazil nový hráč a Felix ho musí najít dřív, než se magická Praha stane jedním velkým magickým bojištěm. Naštěstí má znovu po boku svého starého parťáka, ale i ten má problém. Vincenc se začal vyhýbat násilí, a to Felixe děsí víc než hrozící třetí světová. | |
| 787 | 0 | 8 | |g 4 |i Z cyklu: |t Kladivo na čaroděje II |
| 910 | |a RBIT002 | ||
| 998 | |d 427040 |a https://core.palmknihy.cz/api/books/427040/cover?tevla7 |b https://core.palmknihy.cz/api/books/427040/cover/400?tevla7 |c https://core.palmknihy.cz/api/books/427040/cover/50?tevla7 |e 2031-05-11 |g 200 |i 9788027802845 |j https://core.palmknihy.cz/api/books/427040/preview.epub |k https://core.palmknihy.cz/api/books/427040/preview.pdf |l |q 49 |r 1 |s https://www.palmknihy.cz/kniha/427040 |t ebook |y 2026 |z 1 |v Kladivo na čaroděje II |w 4 | ||
| 999 | |d 302538 | ||